• 首页
  • 本馆介绍
  • 公告通知
  • 最新文献
  • 馆藏检索
  • 电子资源
  • 读者导购
  • 参考咨询
  • 我的图书馆
  • 登录
  • 详细信息显示
  • 放入我的书架
  • 预约/预借图书
  • 作者相关作品
  • 分类相关作品
  • 丛书相关作品
  • 出版社相关作品

书目信息

  • 表格格式
  • 工作单格式
  • 卡片格式
题名:
马克思恩格斯要论精选
    
 
作者: 高哲 , 温元 著
分册:  
出版信息: 北京   中央编译出版社  
页数: 450页
开本: 20cm
丛书名:
单 册:
中图分类: A119
科图分类:
主题词: 马恩著作--选集 , 马恩著作--文集
电子资源:
ISBN: 7-80109-381-X
000 00608nam0 2200217 450
001 0653130640
005 20060929144620.20
010    @a7-80109-381-X@dCNY28.00
100    @a20060929d km y0chiy0120 ea
101 0  @achi
102    @aCN
200 1  @a马克思恩格斯要论精选@Ama ke si en ge si yao lun jing xuan@f高哲,温元著@Fgao zhe,wen yuan zhu
210    @a北京@c中央编译出版社
215    @a450页@d20cm
606 0  @a马恩著作@x选集
606 0  @a马恩著作@x文集
690    @aA119@v3
701  0 @a高哲@Agao zhe@4著
701  0 @a温元@Awen yuan@4著
801  0 @aCN@bNISOFT@c20060929
905    @a10447@dA119@e9
    
    马克思恩格斯要论精选/高哲,温元著.-北京:中央编译出版社
    450页;20cm
    
    
    ISBN 7-80109-381-X:CNY28.00
    
●
相关链接 在E读中查询图书 在五车中查询图书 在当当中查询图书 在豆瓣中查询图书


正题名:马克思恩格斯要论精选     索取号:A119/9         预约/预借

序号 登录号 条形码 馆藏地/架位号 状态 备注
1 0493685   204936855   密集书库/ [索取号:A119/9] 在馆    
唐山师范学院图书馆 欢迎您!
大连网信软件有限公司© 版权所有